History Quiz

Random History Quiz

Ártöl í sögu Einar Quiz Stats

 Plays Quiz not verified by Sporcle

Score 0/58 Timer 10:00
0 Plays Today
Atburður Ár % Correct
Franska byltingin skellur á1789
92%
Lýðveldi stofnað í Frakklandi1792
92%
Napóleon Bonaparte kemst til valda í Frakklandi1799
92%
Einokunarverslun afnumin á Íslandi1787
88%
Frakkar tapa í orustinni við Waterloo. Napóelon sendur í útlegð til St. Helenu1815
80%
Jörundur hundadagakonungur tekur öll völd á Íslandi1807
80%
Júlíbyltingin í Frakklandi 1830
76%
Febrúarbyltingin í Frakklandi. Kommúnistaávarpið kemur út sama ár1848
76%
Endurreist Alþingi kemur saman í hús Lærða skóla1845
76%
Vínarfundurinn haldinn1814-1815
72%
Vélvæðing í sjávarútvegi hefst þegar lítil steinolíuvél er sett í árabátinn Stanley á Ísafirði. 1902
68%
Japanar sigra Rússa í stríði1905
68%
Ísland fær heimastjórn þegar Hannes Hafstein er gerður að ráðherra. Íslandsbanki stofnaður. Fyrsti bílinn kemur einnig til landsins, Thomsenbílinn1904
68%
Fyrsti togarinn í eigu Íslendinga Coot kemur til landsins1905
68%
Fyrri heimstyrjöldin skellur á1914
68%
Fyrri heimstyrjöldin lýkur1918
68%
Ísland frjálst og fullvalda ríki1918
68%
Kötlugos1918
68%
Spánska veikin1918
68%
Frostavetur1918
68%
Kreppan mikla hefst með hruni á verðbréfum í New York1929
68%
Franklind D. Roosvelt kosinn forseti USA1932
68%
Hitler verður kanslari Þýskalands1933
68%
1. sept, heimsstyrjöldin síðari hefst með innrás Þjóðverja inn í Pólland.1939
68%
Nasistar tapa í úrslitaorustu við Stalíngrad1943
68%
17.júní, Ísland verður lýðveldi 1944
68%
Heimstyrjöldin síðari lýkur1945
68%
Bandaríkjamenn varpa tveim kjarnorkusprengjum á Nagasaki og Hiroshima 1945
68%
Marshallaðstoðinni hleypt af stokkunum.1948
68%
Atburður Ár % Correct
Þjóðfundurinn 1851
64%
Byltingin í Rússlandi hefst1917
64%
Fleiri Íslendingar búa í þéttbýlum en sveitum1920
64%
Bretar hernema Ísland1940
64%
Sovétmenn eignast kjarnorkusprengju.1949
64%
NATO (Atlantshafsbandalagið) stofnað1949
64%
30. mars samþykkti Alþingi. Ísl. inngöngu í NATO. Óeirðir brutust út á Austurvelli.1949
64%
9. nóv. Berlínarmúrinn – tákn kalda stríðsins – fellur. Markar endalok kalda stríðsins og hrun kommúnismans.1989
64%
Þýskaland sameinað á ný eftir tvískiptingu á tímum kalda stríðsins1990
64%
Sovétríkin leysast upp. Rússland tekur við hlutverki þeirra að ýmsu leyti1991-1992
64%
Þrælastríðið í USA1861-1865
60%
Konur á Íslandi fá jafnmikið í arf og karlar1850
60%
Margir Íslendingar flytjast búferlum til Vesturheims1870-1914
60%
19.júní, konur fá á Íslandi fá kosningarétt1915
60%
Vökulögin samþykkt. Tryggðu sjómönnum á íslenskum togurum sex tíma lágmarkshvíld á sólarhring. 1921
60%
Kóreustríðið1950-1952
60%
Varsjárbandalagið stofnað1955
60%
Kúbudeilan1962
60%
Heimsvaldastefnan nýja ríkti á þessum tíma1870-1914
56%
Þýskland sameinast 1871
56%
Hugvekja til Íslendinga Jóns Sigurðssonar þegar einveldi er afnumið í Danaveldi. 1848
56%
Ísland fær stjórnarskrá1874
56%
Áfengisbann samþykkt á Íslandi í þjóðaratkvæðagreiðslu. 1908
56%
Guttóslagurinn í Reykjavík 1932
56%
Uppreisn í Ungverjalandi - Sovétmenn senda skriðdreka til að brjóta hana á bak aftur.1956
56%
Vorið í Prag – brotið á bak aftur af Sovétmönnum1968
56%
Verslunarfrelsi á Íslandi1855
52%
Stöðulögin sett fyrir Ísland1871
52%
Fiskafli Íslendinga fimmfaldast vegna vélvæðingar1902-1930
48%

You're not logged in!

Compare scores with friends on all Sporcle quizzes.
OR
Log In

Show Comments

Extras

Created Jun 2, 2012ReportNominate

Top Quizzes Today


Score Distribution

Your Account Isn't Verified!

In order to create a playlist on Sporcle, you need to verify the email address you used during registration. Go to your Sporcle Settings to finish the process.

Report this User

Report this user for behavior that violates our Community Guidelines.

Details: